| 000 | 00618cam a2200217 a 4500 | ||
|---|---|---|---|
| 001 | 3033590 | ||
| 005 | 20260312174328.0 | ||
| 008 | 950601s1997 nyua 001 0 eng | ||
| 020 |
_a0393969290 _qpbk |
||
| 020 |
_a9780393969290 _q(pbk) |
||
| 050 | 0 | 0 |
_aHB172 _b.S86 1997 |
| 082 | 0 | 0 |
_a338.5 _220 |
| 100 | 1 | _aStiglitz, Joseph E. | |
| 245 | 1 | 0 |
_aPrinciples of microeconomics / _cJoseph E. Stiglitz. |
| 250 | _a2nd ed. | ||
| 260 |
_aNew York : _bW.W. Norton, _cc1997. |
||
| 300 |
_axxxii, 562, 32 p. : _bcol. ill. ; _c26 cm. |
||
| 500 | _aIncludes index. | ||
| 650 | 0 | _aMicroeconomics. | |
| 942 |
_2lcc _cBK _e2nd ed. _n0 |
||
| 999 |
_c8986 _d8986 |
||